Tuyển tập Nguyên Hồng (văn học Việt Nam hiện dại)

Shranjeno v:
Bibliografske podrobnosti
Format: Knjiga
Izdano: H. Văn Học
Oznake: Označite
Brez oznak, prvi označite!
Thư viện lưu trữ: Mạng thư viện Đại học Đà Nẵng
LEADER 00735nam a2200229 4500
001 000014273
003 10633
005 20150812150855.0
008 120425s sd
245 0 0 |a Tuyển tập Nguyên Hồng  |b (văn học Việt Nam hiện dại) 
260 |a H.  |b Văn Học 
774 |a Nguyên Hồng  |b In lần 2  |d H.  |d Văn học  |d 1995  |g T.1  |h 466tr  |w 10621 
774 |a Nguyên Hồng  |d Văn học  |d H.  |d 1995  |g T.2  |h 456tr  |w 10628 
774 |a Nguyên Hồng  |d Văn học  |d H.  |d 1995  |g T.3  |h 646tr  |w 10634 
OWN |a LSP 
999 |a From the UDN01 
TYP |a Monograph 
TYP |a Printed language 
980 |a Mạng thư viện Đại học Đà Nẵng